[Event "North Austria-ch Seniors 65"]
[Site "Spitz am Donau"]
[Date "2018.10.11"]
[Round "5.11"]
[White "Zierlinger, Karl"]
[Black "Seidl, Josef"]
[Result "0-1"]
[WhiteElo "1268"]
[BlackElo "1512"]
[PlyCount "108"]
[EventDate "2018.10.07"]
[EventType "swiss"]
[EventRounds "7"]
[EventCountry "AUT"]
[SourceTitle "EXT 2024"]
[Source "ChessBase"]
[SourceDate "2023.10.10"]
[SourceVersion "1"]
[SourceVersionDate "2023.10.10"]
[SourceQuality "1"]

1. d4 f5 2. Bg5 Nf6 3. Bxf6 exf6 4. a3 c6 5. c4 d6 6. e3 Be6 7. Bd3 g6 8. Nc3 Bg7 9. Nge2 0-0 10. 0-0 Kh8 11. Nf4 Bg8 12. d5 a6 13. Re1 Nd7 14. e4 Ne5 15. exf5 g5 16. Ne6 Bxe6 17. fxe6 f5 18. Qc2 Nxd3 19. Qxd3 Qe7 20. Na4 Qc7 21. Rac1 c5 22. b4 b6 23. Qg3 h6 24. Re2 Rfe8 25. Qb3 Rab8 26. g3 Bd4 27. Kg2 Qg7 28. Nc3 Re7 29. b5 a5 30. Rf1 Bxc3 31. Re3 Bd4 32. Rf3 g4 33. Rd3 h5 34. Qd1 Qg6 35. f3 Kg8 36. h3 gxh3+ 37. Kxh3 Kh7 38. f4 Rg8 39. Kh4 Bf6+ 40. Kh3 Kg7 41. Rg1 Kf8 42. Kg2 Rh8 43. Kf1 Bd4 44. Rh1 Reh7 45. Rh4 Bf6 46. Rh2 Ke7 47. Ke2 Qg7 48. Kd2 Qg4 49. Qh1 h4 50. gxh4 Qxf4+ 51. Kc2 Qxc4+ 52. Kd2 Qa2+ 53. Kd1 Qb1+ 54. Ke2 Qxh1 0-1

[Event "Niederbayern-ch"]
[Site "Vilshofen"]
[Date "2018.04.05"]
[Round "1"]
[White "Seidl, Josef"]
[Black "Huber, Florian"]
[Result "0-1"]
[WhiteElo "1532"]
[BlackElo "1962"]
[PlyCount "48"]
[EventDate "2018.04.05"]
[EventType "swiss"]
[EventRounds "7"]
[EventCountry "GER"]
[SourceTitle "EXT 2023"]
[Source "ChessBase"]
[SourceDate "2022.10.05"]
[SourceVersion "1"]
[SourceVersionDate "2022.10.05"]
[SourceQuality "1"]

1. f4 d5 2. Nf3 Nf6 3. e3 c5 4. c3 a6 5. Be2 Bf5 6. 0-0 e6 7. d3 Nc6 8. Nbd2 b5 9. Ne5 Nxe5 10. fxe5 Nd7 11. d4 Be7 12. Bh5 0-0 13. Bg4 Bg6 14. Qe2 Qb6 15. Rf3 f5 16. exf6 Nxf6 17. Rg3 Rae8 18. a4 c4 19. e4 Nxe4 20. Nxe4 Bxe4 21. Bh6 Bh4 22. Bxe6+ Qxe6 23. Rxg7+ Kh8 24. g3 Qxh6 0-1

[Event "Niederbayern-ch"]
[Site "Vilshofen"]
[Date "2018.04.05"]
[Round "2"]
[White "Staudinger, Simon"]
[Black "Seidl, Josef"]
[Result "1-0"]
[WhiteElo "1775"]
[BlackElo "1532"]
[PlyCount "83"]
[EventDate "2018.04.05"]
[EventType "swiss"]
[EventRounds "7"]
[EventCountry "GER"]
[SourceTitle "EXT 2023"]
[Source "ChessBase"]
[SourceDate "2022.10.05"]
[SourceVersion "1"]
[SourceVersionDate "2022.10.05"]
[SourceQuality "1"]

1. d4 f5 2. e4 d6 3. Nc3 c6 4. Bf4 g6 5. Bd3 Qa5 6. Nf3 Bg7 7. 0-0 e5 8. dxe5 dxe5 9. Bd2 Qc7 10. exf5 gxf5 11. Bc4 b5 12. Bb3 Nd7 13. Ng5 Nc5 14. Qh5+ Kd8 15. Nf7+ Kd7 16. Nxh8 Nxb3 17. axb3 Nf6 18. Qxf5+ Ke7 19. Ng6+ hxg6 20. Qxg6 Kf8 21. Bh6 Ne8 22. Bxg7+ Nxg7 23. Qf6+ Kg8 24. Rfd1 Bf5 25. Rd6 Rf8 26. Qxe5 Qb6 27. Qd4 c5 28. Qd5+ Be6 29. Rxb6 Bxd5 30. Rxa7 Ba8 31. Nxb5 Be4 32. f3 Bxc2 33. Rbb7 Ne6 34. Re7 Rf6 35. Re8+ Nf8 36. Raa8 Kg7 37. Nc7 Bxb3 38. Re7+ Kg6 39. Ne8 Rf4 40. Rg7+ Kh6 41. Ra6+ Kh5 42. g4+ 1-0

[Event "North Austria-ch Seniors 65"]
[Site "Spitz am Donau"]
[Date "2017.10.12"]
[Round "5"]
[White "Schwarzmeier, Christine"]
[Black "Seidl, Josef"]
[Result "1-0"]
[WhiteElo "1029"]
[BlackElo "1592"]
[PlyCount "85"]
[EventDate "2017.10.08"]
[EventType "swiss"]
[EventRounds "7"]
[EventCountry "AUT"]
[SourceTitle "CBM 181 Extra"]
[Source "ChessBase"]
[SourceDate "2017.12.12"]
[SourceVersion "1"]
[SourceVersionDate "2017.12.12"]
[SourceQuality "1"]

1. e4 c5 2. Nc3 e6 3. g3 Nc6 4. Bg2 Nf6 5. f4 d6 6. d3 Be7 7. Nf3 0-0 8. 0-0 Rb8 9. Be3 Nd7 10. b3 Bf6 11. d4 Qa5 12. Qd2 b5 13. a3 Ba6 14. b4 cxb4 15. axb4 Qb6 16. d5 Bd4 17. Nxd4 Nxd4 18. Bxd4 Qb7 19. Rac1 Nb6 20. Bxb6 Qxb6+ 21. Kh1 Bc8 22. f5 e5 23. h4 a5 24. bxa5 Qxa5 25. Rb1 Ba6 26. Ra1 Qb6 27. Rfb1 Ra8 28. Bf1 h6 29. f6 Kh7 30. Bh3 g6 31. h5 Qd8 32. Rf1 b4 33. Ne2 Qc7 34. Rab1 Rfb8 35. c3 b3 36. hxg6+ fxg6 37. f7 Bc4 38. Rf6 Rf8 39. Bf5 Kg7 40. Rxg6+ Kxf7 41. Qxh6 Qa5 42. Rf6+ Ke7 43. Qg7+ 1-0

[Event "North Austria-ch Seniors 65"]
[Site "Spitz am Donau"]
[Date "2017.10.08"]
[Round "1"]
[White "Byhan, Gert"]
[Black "Seidl, Josef"]
[Result "1-0"]
[WhiteElo "1996"]
[BlackElo "1592"]
[PlyCount "67"]
[EventDate "2017.10.08"]
[EventType "swiss"]
[EventRounds "7"]
[EventCountry "AUT"]
[SourceTitle "CBM 181 Extra"]
[Source "ChessBase"]
[SourceDate "2017.12.12"]
[SourceVersion "1"]
[SourceVersionDate "2017.12.12"]
[SourceQuality "1"]

1. e4 d6 2. d4 Nf6 3. Nc3 e6 4. Be2 Be7 5. f4 0-0 6. Nf3 c5 7. dxc5 dxc5 8. Qxd8 Rxd8 9. e5 Nd5 10. Bd2 b6 11. 0-0-0 Ba6 12. Bxa6 Nxa6 13. Ne4 c4 14. Nd4 Nc5 15. Nxc5 Bxc5 16. Ne2 h6 17. g3 a5 18. Nc3 Nxc3 19. Bxc3 Rxd1+ 20. Rxd1 g6 21. Bd4 Rc8 22. a4 Rc6 23. Bxc5 Rxc5 24. Rd6 b5 25. axb5 c3 26. b6 cxb2+ 27. Kxb2 Rb5+ 28. Ka3 Rb4 29. c3 Rb1 30. Ka2 Rb5 31. c4 Rb4 32. c5 a4 33. c6 Rxb6 34. c7 1-0

[Event "Nittenau-ch op 15th"]
[Site "Nittenau"]
[Date "2015.09.18"]
[Round "1"]
[White "Seidl, Josef"]
[Black "Kuehner, Andreas"]
[Result "0-1"]
[WhiteElo "1213"]
[BlackElo "1773"]
[PlyCount "88"]
[EventDate "2015.09.18"]
[EventType "swiss"]
[EventRounds "5"]
[EventCountry "GER"]
[SourceTitle "EXT 2017"]
[Source "ChessBase"]
[SourceDate "2016.10.25"]
[SourceVersion "1"]
[SourceVersionDate "2016.10.25"]
[SourceQuality "1"]

1. f4 d5 2. Nf3 e6 3. e3 Nf6 4. Be2 Be7 5. 0-0 0-0 6. d3 b6 7. Nbd2 Bb7 8. b3 Bc5 9. d4 Be7 10. Ne5 Nbd7 11. Ng4 Nxg4 12. Bxg4 f5 13. Be2 Nf6 14. Bb2 c5 15. c3 Rc8 16. Rc1 Ne4 17. Nf3 a6 18. Ne5 b5 19. Bd3 Bc6 20. Bxe4 fxe4 21. a3 c4 22. b4 a5 23. a4 axb4 24. Nxc6 Rxc6 25. axb5 Rb6 26. Qa4 Qd7 27. Ra1 Qxb5 28. cxb4 Qxa4 29. Rxa4 Bxb4 30. Ba3 Rfb8 31. f5 Bd2 32. Bc5 Bxe3+ 33. Kh1 Rb1 34. Ra1 Rxa1 35. Rxa1 exf5 36. h4 c3 37. Ra2 Bf4 38. Kg1 e3 39. Kf1 Rb2 40. Ra8+ Kf7 41. Ra7+ Kg6 42. Ra6+ Kh5 43. Ra7 Bg3 44. Rxg7 e2+ 0-1

[Event "Niederbayern-ch"]
[Site "Regen"]
[Date "2015.06.20"]
[Round "6"]
[White "Seidl, Josef"]
[Black "Bergmann, Reiner"]
[Result "0-1"]
[WhiteElo "1177"]
[BlackElo "1841"]
[PlyCount "74"]
[EventDate "2015.06.18"]
[EventType "swiss"]
[EventRounds "7"]
[EventCountry "GER"]
[SourceTitle "EXT 2023"]
[Source "ChessBase"]
[SourceDate "2022.10.05"]
[SourceVersion "1"]
[SourceVersionDate "2022.10.05"]
[SourceQuality "1"]

1. Nf3 d6 2. c4 g6 3. g3 Bg7 4. Bg2 Nf6 5. d3 0-0 6. 0-0 c5 7. Nbd2 Nc6 8. a3 Bd7 9. Ra2 a6 10. b3 Qc8 11. Bb2 Bh3 12. e4 Bxg2 13. Kxg2 e5 14. Ng5 h6 15. Nh3 Ng4 16. Ng1 f5 17. h3 Nf6 18. f4 fxe4 19. Nxe4 Nxe4 20. dxe4 Nd4 21. Bxd4 cxd4 22. Raf2 Qc6 23. Qd3 Rac8 24. Kh2 b5 25. Rc2 bxc4 26. Rxc4 Qb5 27. a4 Qb7 28. Ne2 Rxc4 29. Qxc4+ Kh8 30. Nc1 Qxe4 31. Qxa6 exf4 32. Rxf4 Rxf4 33. gxf4 Qxf4+ 34. Kg2 Qxc1 35. Qxd6 Qc2+ 36. Kf1 d3 37. Qe6 d2 0-1

[Event "Niederbayern-ch"]
[Site "Regen"]
[Date "2015.06.18"]
[Round "2"]
[White "Seidl, Josef"]
[Black "Lichtmannecker, Hans Juergen"]
[Result "0-1"]
[WhiteElo "1177"]
[BlackElo "1737"]
[PlyCount "92"]
[EventDate "2015.06.18"]
[EventType "swiss"]
[EventRounds "7"]
[EventCountry "GER"]
[SourceTitle "EXT 2023"]
[Source "ChessBase"]
[SourceDate "2022.10.05"]
[SourceVersion "1"]
[SourceVersionDate "2022.10.05"]
[SourceQuality "1"]

1. Nf3 d6 2. c4 g6 3. g3 Bg7 4. Bg2 c6 5. 0-0 f5 6. d3 Nf6 7. Qc2 0-0 8. Nbd2 Qc7 9. Nb3 e5 10. e3 Na6 11. a3 h6 12. Rb1 Be6 13. Nbd2 Qf7 14. b3 Kh7 15. Ne1 Rac8 16. Bb2 Nd7 17. Qd1 d5 18. Rc1 e4 19. Bxg7 Qxg7 20. d4 g5 21. Nc2 f4 22. f3 fxe3 23. Nxe3 Qxd4 24. fxe4 Qxe3+ 25. Kh1 Rxf1+ 26. Nxf1 Qf2 27. cxd5 Bf7 28. Qg4 Nab8 29. e5 Bg6 30. d6 Qf5 31. Ne3 Qxg4 32. Nxg4 Nf8 33. Rd1 Ne6 34. Nf6+ Kg7 35. Bh3 Bf7 36. Rf1 Rd8 37. Bf5 Nd4 38. g4 c5 39. d7 Nbc6 40. e6 Nxe6 41. Bxe6 Bxe6 42. Ne8+ Kh7 43. Rf8 Bxb3 44. Nf6+ Kg7 45. Rxd8 Nxd8 46. Ne4 Bd5 0-1

[Event "Nittenau-ch 14th"]
[Site "Nittenau"]
[Date "2014.09.07"]
[Round "4"]
[White "Seidl, Josef"]
[Black "Gan, Yin Huang"]
[Result "0-1"]
[WhiteElo "1251"]
[BlackElo "1549"]
[PlyCount "96"]
[EventDate "2014.09.05"]
[EventType "swiss"]
[EventRounds "5"]
[EventCountry "GER"]
[SourceTitle "CBM 162 Extra"]
[Source "ChessBase"]
[SourceDate "2014.10.17"]
[SourceVersion "1"]
[SourceVersionDate "2014.10.17"]
[SourceQuality "1"]

1. f4 Nf6 2. Nf3 c5 3. g3 d5 4. Bg2 Nc6 5. 0-0 Bd7 6. c3 Qc8 7. d3 Bh3 8. Nbd2 Bxg2 9. Kxg2 Ng4 10. Nb3 e5 11. Bd2 Bd6 12. e3 h5 13. h3 Nf6 14. Rh1 Qf5 15. Qe2 0-0-0 16. Ng5 Nh7 17. e4 dxe4 18. Nxe4 Be7 19. Raf1 Nf6 20. Rf3 exf4 21. Bxf4 Ne5 22. Bxe5 Qxe5 23. d4 Qxe4 24. Qb5 cxd4 25. Qc4+ Kb8 26. Rhf1 dxc3 27. Qxc3 Bb4 28. Qc1 Rd3 29. Qf4+ Qxf4 30. Rxf4 Bd6 31. R4f3 Rxf3 32. Rxf3 Rc8 33. Nd4 Be5 34. Nf5 Rc2+ 35. Kf1 Rxb2 36. Nxg7 Rxa2 37. Rf5 Bd4 38. g4 hxg4 39. Rf4 Be5 40. Rc4 gxh3 41. Nf5 a5 42. Rh4 h2 43. Ne3 Bg3 44. Rh8+ Ka7 45. Nf5 Ra1+ 46. Kg2 Rg1+ 47. Kf3 h1Q+ 48. Rxh1 Rxh1 0-1

[Event "Nittenau-ch 13th"]
[Site "Nittenau"]
[Date "2013.09.14"]
[Round "2"]
[White "Seidl, Josef"]
[Black "Tautz, Helmut"]
[Result "1-0"]
[WhiteElo "1183"]
[BlackElo "1528"]
[PlyCount "63"]
[EventDate "2013.09.13"]
[EventType "swiss"]
[EventRounds "5"]
[EventCountry "GER"]
[SourceTitle "EXT 2022"]
[Source "ChessBase"]
[SourceDate "2021.10.06"]
[SourceVersion "1"]
[SourceVersionDate "2021.10.06"]
[SourceQuality "1"]

1. c4 Nf6 2. b3 Nc6 3. Bb2 g6 4. Nf3 Bg7 5. g3 0-0 6. Bg2 d6 7. 0-0 e5 8. d3 Ne7 9. Nbd2 c6 10. a3 Bf5 11. Ra2 e4 12. dxe4 Nxe4 13. Bxg7 Kxg7 14. Qa1+ f6 15. Nd4 d5 16. Nxe4 dxe4 17. Bxe4 Qc8 18. Bxf5 Nxf5 19. Nf3 Kg8 20. e4 Nd6 21. e5 Ne8 22. Re1 fxe5 23. Nxe5 Qf5 24. Rae2 Nf6 25. Qc3 Qh3 26. Re3 Ng4 27. Nxg4 Qxg4 28. Re7 Rf7 29. Re8+ Rxe8 30. Rxe8+ Rf8 31. Qf6 Qf5 32. Rxf8# 1-0

[Event "Nittenau-ch 12th"]
[Site "Nittenau"]
[Date "2012.09.16"]
[Round "5"]
[White "Seidl, Josef"]
[Black "Regensburger, Paul"]
[Result "0-1"]
[WhiteElo "1220"]
[BlackElo "1388"]
[PlyCount "56"]
[EventDate "2012.09.14"]
[EventType "swiss"]
[EventRounds "5"]
[EventCountry "GER"]
[SourceTitle "EXT 2022"]
[Source "ChessBase"]
[SourceDate "2021.10.06"]
[SourceVersion "1"]
[SourceVersionDate "2021.10.06"]
[SourceQuality "1"]

1. c4 Nf6 2. Nf3 g6 3. g3 Bg7 4. Bg2 d5 5. d3 0-0 6. 0-0 dxc4 7. dxc4 Qxd1 8. Rxd1 Be6 9. b3 Nh5 10. Nd4 Nc6 11. Bb2 Nxd4 12. Bxd4 Rad8 13. e3 c5 14. Bxg7 Rxd1+ 15. Bf1 Kxg7 16. Kg2 Bf5 17. Be2 Rxb1 18. Rxb1 Bxb1 19. g4 Nf6 20. a3 g5 21. b4 b6 22. h3 h6 23. f3 Rd8 24. Kg3 Rd2 25. Bf1 h5 26. gxh5 Nxh5+ 27. Kg4 Kg6 28. f4 Bd3 0-1

[Event "Nittenau-ch 12th"]
[Site "Nittenau"]
[Date "2012.09.14"]
[Round "1"]
[White "Seidl, Josef"]
[Black "Klemp, Soeren"]
[Result "0-1"]
[WhiteElo "1220"]
[BlackElo "1683"]
[PlyCount "78"]
[EventDate "2012.09.14"]
[EventType "swiss"]
[EventRounds "5"]
[EventCountry "GER"]
[SourceTitle "EXT 2022"]
[Source "ChessBase"]
[SourceDate "2021.10.06"]
[SourceVersion "1"]
[SourceVersionDate "2021.10.06"]
[SourceQuality "1"]

1. Nf3 f5 2. d4 Nf6 3. Nc3 e6 4. e3 d5 5. Be2 c6 6. 0-0 Bd6 7. Nd2 0-0 8. f4 Qe8 9. a4 Nbd7 10. Nf3 Ne4 11. Ne5 Ndf6 12. Bf3 Bd7 13. Ne2 c5 14. c3 Rc8 15. Bxe4 Nxe4 16. Nf3 Rf6 17. Ng5 Nxg5 18. fxg5 Rg6 19. h4 h6 20. Nf4 hxg5 21. Nxg6 Qxg6 22. h5 Qf7 23. g4 Qe7 24. Kg2 fxg4 25. Qd3 Be8 26. Rh1 Qf6 27. e4 dxe4 28. Qe2 Qf3+ 29. Qxf3 exf3+ 30. Kf2 g3+ 31. Kxf3 Bc6+ 32. Kg4 Bxh1 33. Bxg5 Bd5 34. Bf4 Bxf4 35. Kxf4 g2 36. Kg3 cxd4 37. cxd4 Rc4 38. b3 Rxd4 39. Kh2 Rh4+ 0-1

[Event "Arber op 1st"]
[Site "Bayerisch Eisenstein"]
[Date "2012.08.25"]
[Round "8"]
[White "Schuller, Erhard"]
[Black "Seidl, Josef"]
[Result "1-0"]
[WhiteElo "1543"]
[BlackElo "1221"]
[PlyCount "102"]
[EventDate "2012.08.18"]
[EventType "swiss"]
[EventRounds "9"]
[EventCountry "GER"]
[SourceTitle "CBM 150 Extra"]
[Source "ChessBase"]
[SourceDate "2012.10.19"]
[SourceVersion "1"]
[SourceVersionDate "2012.10.19"]
[SourceQuality "1"]

1. e4 c6 2. d4 d5 3. Nc3 e6 4. a3 Ne7 5. Nf3 Ng6 6. g3 Be7 7. Bg2 0-0 8. 0-0 Nd7 9. Be3 f6 10. h4 Nb6 11. b3 e5 12. Nd2 f5 13. exf5 Bxf5 14. f3 Re8 15. Bf2 Bd6 16. Ne2 Qc7 17. dxe5 Bxe5 18. Ra2 c5 19. f4 Bf6 20. a4 d4 21. Nc1 Re7 22. a5 Nd7 23. g4 Rae8 24. gxf5 Nxf4 25. Nc4 Ne5 26. Nxe5 Bxe5 27. Qf3 Qb8 28. Nd3 Ne2+ 29. Kh1 Bh2 30. Nxc5 Nc3 31. Raa1 Re2 32. Bxd4 Rxg2 33. Qxg2 Bg3 34. Bxc3 Re3 35. Rf3 Rxc3 36. Rxc3 Qe5 37. Qxg3 Qxf5 38. Qb8+ Kf7 39. Qc7+ Kg6 40. Rg1+ Kh5 41. Rg5+ Qxg5 42. hxg5 b6 43. axb6 axb6 44. Ne4 b5 45. Qh2+ Kg6 46. Rc6+ Kf5 47. Qxh7+ g6 48. Qxg6+ Kg4 49. Rf6 b4 50. Nf2+ Kg3 51. Qd3+ Kh4 1-0

[Event "Arber op 1st"]
[Site "Bayerisch Eisenstein"]
[Date "2012.08.23"]
[Round "6"]
[White "Seidl, Josef"]
[Black "Bungter, Hans"]
[Result "0-1"]
[WhiteElo "1221"]
[BlackElo "1553"]
[PlyCount "102"]
[EventDate "2012.08.18"]
[EventType "swiss"]
[EventRounds "9"]
[EventCountry "GER"]
[SourceTitle "CBM 150 Extra"]
[Source "ChessBase"]
[SourceDate "2012.10.19"]
[SourceVersion "1"]
[SourceVersionDate "2012.10.19"]
[SourceQuality "1"]

1. Nf3 d5 2. c4 e6 3. b3 Nf6 4. Bb2 c6 5. g3 Nbd7 6. Bg2 Qb6 7. d3 Be7 8. 0-0 0-0 9. Nbd2 Qc7 10. a3 b6 11. b4 a6 12. Qb1 Rb8 13. Ra2 Bb7 14. Qa1 Ne8 15. e4 c5 16. Ne5 f6 17. Nxd7 Qxd7 18. Qc1 cxb4 19. Qd1 bxa3 20. Bxa3 Bxa3 21. Rxa3 Nd6 22. Rb3 Qc7 23. Qg4 Bc8 24. exd5 e5 25. Qe2 Nf5 26. Nf3 Qc5 27. Qb2 Nd6 28. Rc1 Bd7 29. d4 exd4 30. Nxd4 Nxc4 31. Qc3 b5 32. Qd3 Qd6 33. Nf5 Bxf5 34. Qxf5 Rbe8 35. Qf3 Nd2 36. Qd3 Nxb3 37. Qxb3 Rc8 38. Rc6 Rxc6 39. dxc6+ Kh8 40. Bd5 Rd8 41. Bf3 b4 42. Qf7 Rf8 43. Qb7 Rb8 44. Qxa6 b3 45. c7 Qxc7 46. Be4 Qc1+ 47. Kg2 b2 48. Qa7 b1Q 49. Bxb1 Qxb1 50. Qd7 Qb7+ 51. Qxb7 Rxb7 0-1

[Event "Arber op 1st"]
[Site "Bayerisch Eisenstein"]
[Date "2012.08.22"]
[Round "5"]
[White "Pauer, Franz"]
[Black "Seidl, Josef"]
[Result "1-0"]
[WhiteElo "1506"]
[BlackElo "1221"]
[PlyCount "119"]
[EventDate "2012.08.18"]
[EventType "swiss"]
[EventRounds "9"]
[EventCountry "GER"]
[SourceTitle "CBM 150 Extra"]
[Source "ChessBase"]
[SourceDate "2012.10.19"]
[SourceVersion "1"]
[SourceVersionDate "2012.10.19"]
[SourceQuality "1"]

1. e4 c5 2. Nf3 e6 3. d4 cxd4 4. Nxd4 e5 5. Nb3 a6 6. Bc4 d6 7. 0-0 Nf6 8. Bg5 Be7 9. f4 0-0 10. Nc3 h6 11. Bh4 Ng4 12. Bxe7 Qxe7 13. Nd5 Qd8 14. f5 Nf6 15. Nd2 Nbd7 16. Kh1 Rb8 17. Qf3 b5 18. Nxf6+ Nxf6 19. Bb3 Bb7 20. c3 Ba8 21. Rad1 a5 22. Bc2 a4 23. b3 Bc6 24. c4 b4 25. bxa4 Qa5 26. Qb3 Ra8 27. Qb1 Qc5 28. Nb3 Qxc4 29. Bd3 Bxe4 30. Bxc4 Bxb1 31. Rxb1 Rxa4 32. Nd2 d5 33. Bb3 Ra5 34. Nf3 Ne4 35. Rb2 Rc8 36. Nxe5 Rc7 37. Rd1 Nc3 38. Rc1 Rac5 39. Nd3 Rb5 40. Rbc2 d4 41. Re1 Rxf5 42. Nxb4 Rcc5 43. Rd2 Rce5 44. Rg1 Ne2 45. Rgd1 Rf2 46. Nd3 Ng3+ 47. hxg3 Rh5+ 48. Kg1 Rf6 49. Nf4 Ra5 50. Rxd4 g6 51. Rd6 Kg7 52. Rxf6 Kxf6 53. Rd6+ Kg7 54. Rd7 g5 55. Nh5+ Kf8 56. Nf6 Kg7 57. Rxf7+ Kg6 58. g4 h5 59. gxh5+ Kh6 60. Rh7# 1-0

[Event "Arber op 1st"]
[Site "Bayerisch Eisenstein"]
[Date "2012.08.21"]
[Round "4"]
[White "Thonig, Manfred"]
[Black "Seidl, Josef"]
[Result "1-0"]
[WhiteElo "1565"]
[BlackElo "1221"]
[PlyCount "57"]
[EventDate "2012.08.18"]
[EventType "swiss"]
[EventRounds "9"]
[EventCountry "GER"]
[SourceTitle "CBM 150 Extra"]
[Source "ChessBase"]
[SourceDate "2012.10.19"]
[SourceVersion "1"]
[SourceVersionDate "2012.10.19"]
[SourceQuality "1"]

1. e4 c5 2. Nf3 Nc6 3. d4 e6 4. d5 exd5 5. exd5 Qe7+ 6. Be3 Nb4 7. c3 Na6 8. Bxa6 bxa6 9. 0-0 Qd6 10. Re1 Be7 11. g3 Bb7 12. c4 0-0-0 13. Bf4 Qf6 14. Nc3 h5 15. Ne4 Qb6 16. Ne5 Rf8 17. d6 Bf6 18. Nxf6 Nxf6 19. b4 h4 20. g4 h3 21. a4 Bg2 22. bxc5 Qxc5 23. Rb1 Rh4 24. Qb3 Kd8 25. Qb8+ Qc8 26. Qxa7 Nxg4 27. Rb8 Nxe5 28. Rxc8+ Kxc8 29. Qc7# 1-0

[Event "Arber op 1st"]
[Site "Bayerisch Eisenstein"]
[Date "2012.08.19"]
[Round "2"]
[White "Lavrinenkov, Vadim"]
[Black "Seidl, Josef"]
[Result "1-0"]
[WhiteElo "1902"]
[BlackElo "1221"]
[PlyCount "81"]
[EventDate "2012.08.18"]
[EventType "swiss"]
[EventRounds "9"]
[EventCountry "GER"]
[SourceTitle "CBM 150 Extra"]
[Source "ChessBase"]
[SourceDate "2012.10.19"]
[SourceVersion "1"]
[SourceVersionDate "2012.10.19"]
[SourceQuality "1"]

1. d4 d5 2. c4 Nf6 3. cxd5 Qxd5 4. Nc3 Qa5 5. Nf3 e6 6. e3 Bb4 7. Bd2 0-0 8. Bd3 c6 9. 0-0 Nbd7 10. a3 Bxc3 11. bxc3 Qc7 12. e4 b5 13. e5 Ne8 14. Bxh7+ Kh8 15. Bc2 f5 16. Ng5 g6 17. Nxe6 Qb7 18. Nxf8 Nxf8 19. Qf3 Ng7 20. Bh6 Be6 21. Rfb1 Bd5 22. Qh3 Nh5 23. Bd1 Be4 24. Rb2 Nh7 25. Bxh5 Bxg2 26. Qxg2 gxh5 27. h4 Rg8 28. Bg5 Qd7 29. f4 Nf8 30. Qf3 Qe8 31. Kf2 Nh7 32. a4 Nxg5 33. hxg5 Rg7 34. axb5 cxb5 35. Rh1 Rh7 36. Kg3 a6 37. Rbh2 b4 38. Rxh5 Rxh5 39. Rxh5+ Kg7 40. Qb7+ Kg8 41. Rh6 1-0

[Event "Nittenau-ch 11th"]
[Site "Nittenau"]
[Date "2011.09.16"]
[Round "1"]
[White "Seidl, Josef"]
[Black "Frischholz, Roland"]
[Result "0-1"]
[WhiteElo "1304"]
[BlackElo "1802"]
[PlyCount "61"]
[EventDate "2011.09.16"]
[EventType "swiss"]
[EventRounds "5"]
[EventCountry "GER"]
[SourceTitle "EXT 2022"]
[Source "ChessBase"]
[SourceDate "2021.10.06"]
[SourceVersion "1"]
[SourceVersionDate "2021.10.06"]
[SourceQuality "1"]

1. c4 e5 2. Nf3 e4 3. Nd4 c5 4. Nf5 d5 5. Ne3 d4 6. Nd5 Be6 7. Nf4 Bxc4 8. d3 exd3 9. exd3 Bb5 10. a4 Bc6 11. Qg4 Nf6 12. Qe2+ Be7 13. Nh5 0-0 14. Nd2 Qd5 15. Nf4 Qf5 16. Nc4 Nd5 17. Qh5 Qxh5 18. Nxh5 Nb4 19. Nf4 Nc2+ 20. Ke2 Nxa1 21. Nh5 Bxa4 22. g4 Nc6 23. Rg1 Rfe8 24. Kf3 Bd1+ 25. Kg3 b5 26. Nd2 Bd6+ 27. Kh3 Re1 28. Ne4 Nb3 29. Nxd6 Nxc1 30. Nf4 Ne5 31. g5 0-1

[Event "Niederbayern-ch"]
[Site "Mamming"]
[Date "2011.03.11"]
[Round "3"]
[White "Valenza, Guiseppe"]
[Black "Seidl, Josef"]
[Result "1-0"]
[WhiteElo "1788"]
[BlackElo "1312"]
[PlyCount "93"]
[EventDate "2011.03.10"]
[EventType "swiss"]
[EventRounds "7"]
[EventCountry "GER"]
[SourceTitle "EXT 2023"]
[Source "ChessBase"]
[SourceDate "2022.10.05"]
[SourceVersion "1"]
[SourceVersionDate "2022.10.05"]
[SourceQuality "1"]

1. e4 c5 2. Nc3 e6 3. f4 b6 4. Nf3 Bb7 5. d3 Be7 6. g3 d6 7. Bg2 Nd7 8. 0-0 Rb8 9. Qe2 Ngf6 10. h3 0-0 11. g4 Kh8 12. Nh2 Qc8 13. g5 Ng8 14. b3 f6 15. h4 Qe8 16. Bd2 a6 17. a4 Bd8 18. Rae1 Qf7 19. Bh3 Bc8 20. Bg4 b5 21. axb5 axb5 22. Bh5 g6 23. Bf3 Re8 24. h5 Ne7 25. hxg6 Nxg6 26. Bh5 Rg8 27. f5 exf5 28. exf5 Nde5 29. fxg6 hxg6 30. Bg4 f5 31. Bf3 Qh7 32. Bf4 Re8 33. Qg2 Ba5 34. Bd2 Nxf3+ 35. Nxf3 Bb7 36. Kf2 Qg7 37. Nb1 b4 38. Bf4 Rbd8 39. Nbd2 Bd5 40. Qh2+ Kg8 41. Bxd6 Bb6 42. Nc4 Bxc4 43. bxc4 b3 44. Be5 Qd7 45. Qh8+ Kf7 46. Qf6+ Kg8 47. Rh1 1-0

[Event "Bad Griesbach Seniors op 13th"]
[Site "Bad Griesbach"]
[Date "2010.12.06"]
[Round "2"]
[White "Krase, Peter Axel"]
[Black "Seidl, Josef"]
[Result "1-0"]
[WhiteElo "1784"]
[BlackElo "1325"]
[PlyCount "63"]
[EventDate "2010.12.05"]
[EventType "swiss"]
[EventRounds "7"]
[EventCountry "GER"]
[SourceTitle "EXT 2015"]
[Source "ChessBase"]
[SourceDate "2014.11.20"]
[SourceVersion "1"]
[SourceVersionDate "2014.11.20"]
[SourceQuality "1"]

1. e4 c5 2. d4 e6 3. Nf3 d6 4. Bb5+ Bd7 5. Bxd7+ Nxd7 6. 0-0 Be7 7. c3 Ngf6 8. Qe2 0-0 9. Rd1 Qc7 10. Bg5 Rfe8 11. Na3 a6 12. Rac1 h6 13. Bh4 Nh7 14. Bxe7 Rxe7 15. e5 d5 16. c4 Qb8 17. dxc5 f5 18. cxd5 exd5 19. Rxd5 Qe8 20. Nc4 Nhf6 21. Nd6 Qh5 22. Rd2 f4 23. Qc4+ Kh7 24. exf6 Nxf6 25. Qxf4 Rf8 26. Qf5+ Qxf5 27. Nxf5 Ne4 28. Nxe7 Rxf3 29. gxf3 Nxd2 30. Kg2 g5 31. b3 h5 32. Rd1 1-0